00921nam a2200265 a 450000100060000000300080000600500170001400800410003102000130007203500190008504000270010404100110013108200260014210000400016824500690020825000120027726000360028930000330032550400360035865000360039465000460043094200120047699900170048895201500050561027BD-RjUL20211209080919.0170114s1985 bg b f001 0 eng  cTk200.00 a(BD-RjUL)61151 aDLCcDLCdBD-RjULbeng0 aengben00a491.445223bMUV 19851 aMuhammada, Kājī Dīna.918210114aThe verbal structure in colloquial Bengali /cQazi Din Muhammad. a1st ed. aDhaka :bBangla Academy,c1985. avi, 341 p. :bill. ;c25 cm. aIncludes index and bibliography 0aBengali languagexVerb.9182102 0aBengali languagexSpoken Bengali.9182103 2ddccBK c61027d61027 00102ddc40718NFICaRUCLbRUCLcRared1990-06-25eBangla Academy, Dhakag200.00l0o491.445 MUV 1985r2017-01-14 00:00:00tC-1w2017-01-14yBK